000 00406nam a2200181Ia 4500
008 210210b1877 xxu||||| |||| 00| 0 eng d
041 _aeng
082 _a930/130
100 _aCOX
245 _aGreeks and the Persians
260 _aLondon
_bLongman Green & Co.
_c1877
650 _athe
650 _aPersians
650 _aGreeks
650 _aand
690 _aAncient History
906 _a025043
999 _c150746
_d150746